000 00430nam a2200169Ia 4500
008 180424s9999 xx 000 0 und d
084 _a361.3 A2
100 _a"Adams, Margaret"
245 0 _aMentally Subnormal: the Social Case Work Approach
250 _a\\196000ENGGPSX
260 _aPrentice Hall
260 _b1960
260 _cNew Jersey
300 _a271p
500 _aincludes index and biblioraphy
942 _cBK
999 _c15921
_d15921